000 00298 a2200145 4500
001 160762
020 _a
040 _cMagnum
100 _aTolstoi
240 1 0 _aO patinho que pescou a lua
_lpor
245 1 0 _aO patinho que pescou a lua
362 0 _a1899
697 _aI/FABULAS
942 _cBK
999 _c160762
_d160762